| 000 | 00759nam a22001577a 4500 | ||
|---|---|---|---|
| 005 | 20251031151850.0 | ||
| 100 | _aEsekhade, T.U. | ||
| 245 | _aEncouraging sustainable rubber smallholdings in Nigeria through production and distribution of reliable rubber planting materials | ||
| 260 |
_bNatural Rubber Industry: Way forward for the Competitiveness and Sustainability: Proceedings of the International Rubber Conference 2019, 30 September- 1st October 2019, International Rubber Research and Development Board and Myanmar Rubber Planters and Producers Association, Nai Pyi Taw,, Myanmar, pp. 30-37. _c2022 |
||
| 650 | _aDecentralized nursery | ||
| 650 | _aGross margin | ||
| 650 | _aNigeria | ||
| 700 | _aIdoko, S.O. | ||
| 700 | _aMesike, S. | ||
| 942 | _cAR | ||
| 999 |
_c75714 _d75714 |
||